How I Met Your Mother Quiz Stats

 Plays Quiz not verified by Sporcle

Support Sporcle.
Go Orange.
Score 0/15 Timer 10:00
0 Plays Today
Hint Answer % Correct
Main CharacterTed
99.9%
From CanadaRobin
99.3%
From MinnesotaMarshall
99.2%
Hes LegendaryBarney
99.2%
Teaches PreschoolLily
99.1%
Leaves Ted at The AlterStella
90.1%
Lily's Ex BoyfriendScooter
89.9%
the Gangs Favorite BarMaclarens
89.3%
Hint Answer % Correct
This Farm Animal Attacks TedGoat
89.3%
_____ The WaitressWendy
88.2%
Barney Thinks This Celebrity is His FatherBob Barker
82.5%
Marshall was (possible) Mugged by a ____Monkey
81.8%
Barneys BrotherJames
79.2%
Drives a cabRanjit
79.2%
Barneys NicknameSwarley
67.5%

You're not logged in!

Compare scores with friends on all Sporcle quizzes.
OR
Log In

From the Vault

Musician by Necklace

by KStericker

2 Chainz has an automatic advantage going into this quiz.
Remove Ads.
Support Sporcle.
Get the best of Sporcle when you Go Orange. This ad-free experience offers more features, more stats, and more fun while also helping to support Sporcle. Thank you for becoming a member.

Show Comments

Extras

Top Quizzes Today


Score Distribution

Your Account Isn't Verified!

In order to create a playlist on Sporcle, you need to verify the email address you used during registration. Go to your Sporcle Settings to finish the process.

Report this User

Report this user for behavior that violates our Community Guidelines.

Details: